| 000 | 00866cam a2200217 4500 | ||
|---|---|---|---|
| 001 | L136481 | ||
| 008 | 070202n2002 000 0 eng u | ||
| 020 |
_a039331152x _a9780393311525 |
||
| 035 | _a(Sirsi) u136481 | ||
| 050 | _a690.25 $2 18 | ||
| 100 | _aLevy, Matthys | ||
| 245 |
_aWhy buildings fall down _bhow structures fail |
||
| 260 |
_aNew York _bW W norton & Co Ltd _c2002 |
||
| 300 |
_a346p _bill. _c24cm. |
||
| 350 | _a11.50 | ||
| 520 | _aCovers the history of architectural and structural disasters, from ancient time to the present. Examines buildings of all kinds with subjects ranging from the man-caused destruction of the Parthenon to the earthquake damage of 1989 in Armenia and San Francisco. | ||
| 651 | 4 | _aInternational | |
| 690 | _aBUILT ENVIRONMENT-CONSTRUCTION DESIGN-ARCHITECTURAL DESIGN | ||
| 700 | 1 | _aSalvadori, Mario | |
| 942 | _n0 | ||
| 999 |
_c106402 _d106402 |
||